000 00398pab a2200157 454500
008 180718b2004 xxu||||| |||| 00| 0 eng d
100 _aSarma, E.A.S.
245 _aDisinvestment: what FMs have said since 1991
260 _c2004
300 _ap.2194-196.
362 _a29 May
650 _aPublic sector
650 _aPrivatization
773 _aEconomic and Political Weekly
909 _a60925
999 _c60925
_d60925